A criada Zerlina (Registo nº 52241)

Detalhes MARC
000 -Etiqueta do registo
campo de controlo de comprimento fixo 006770000a22002290004500
001 - Identificador do registo
Campo de controlo 52241
010 ## - ISBN
Número (ISBN) 978-989-554-758-6
021 ## - Nº depósito legal
Código do país Portugal
Número 313897/10
100 ## - Dados Gerais de Proc.
Dados gerais de processamento 20170921d2017 k y0pory5003 ba
101 0# - Língua da publicação
Língua do texto, banda sonora, etc. Português
102 ## - País de Publicação
País de publicação Portugal
200 1# - Título
Título próprio A criada Zerlina
Primeira menção de responsabilidade Hermann Broch
210 ## - Publicação, Distribuição
Lugar da edição, distribuição, etc. Matosinhos
Nome do editor, distribuidor, etc. Quidnovi
Data da publicação, distribuição, etc. cop. 2010
215 ## - Descrição física
Descrição física 91 p.
225 2# - Colecção
Título próprio da colecção Biblioteca de verão
Indicação de volume 19
606 ## - Nome comum
Elemento de entrada Literatura austríaca
Subdivisão de assunto Conto
675 ## - CDU
Notação 821.112.2(436)-34
Edição BN
Língua da edição Português
700 #1 - Responsabilidade principal
Palavra de ordem Broch
Outra parte do nome Hermann
Datas 1886-1951
801 ## - Fonte de origem
País Portugal
Data da última transacção 20170921
090 ## - Números de controlo do sistema (Koha)
Número biblioitem do Koha (gerado automaticamente) 52241
942 ## - Elementos de entrada adicionados (Koha)
Tipo de item no Koha Monografias
Suprimido Disponível no OPAC
999 ## - Campo local
Campo local 52241
-- Bibliobase - BEBDPPC
-- 2019-01-21
Exemplares
Perdido (estado) Data de aquisição Origem do registo (biblioteca) (codificado) Código da organização que empresta ou é detentora (biblioteca) Código de barras Cota Tipo de circulação (não pode ser emprestado) Tipo de item e material
Disponível 2017-09-21 Biblioteca EB23 D. Paio Peres Correia Biblioteca EB23 D. Paio Peres Correia BEBDPPC7827 82.03-34 BIB Normal Monografias